[Event "gorzyce wielkie"]
[Site "?"]
[Date "2020.02.08"]
[Round "1.1"]
[White "Barwinska, Ewa"]
[Black "Maciejczak, Jakub"]
[Result "0-1"]
[BlackElo "2313"]
[WhiteElo "1460"]
[LiveChessVersion "1.4.8"]

1. e4 {[%clk 0:03:02]} c6 {[%clk 0:03:03]} 2. d4 {[%clk 0:03:03]} d5
{[%clk 0:03:03]} 3. Nc3 {[%clk 0:03:04]} dxe4 {[%clk 0:03:03]} 4. Nxe4
{[%clk 0:03:05]} Nd7 {[%clk 0:03:03]} 5. Ng5 {[%clk 0:03:06]} Ngf6
{[%clk 0:02:59]} 6. Bc4 {[%clk 0:02:51]} e6 {[%clk 0:02:59]} 7. Qe2
{[%clk 0:02:40]} Nb6 {[%clk 0:02:59]} 8. Be3 {[%clk 0:02:32]} Nxc4
{[%clk 0:02:51]} 9. Qxc4 {[%clk 0:02:32]} Nd5 {[%clk 0:02:38]} 10. Ne4
{[%clk 0:02:26]} Be7 {[%clk 0:02:27]} 11. Nf3 {[%clk 0:02:26]} Qb6
{[%clk 0:02:24]} 12. Qb3 {[%clk 0:02:02]} Qa6 {[%clk 0:02:11]} 13. c4
{[%clk 0:01:47]} Nxe3 {[%clk 0:02:03]} 14. fxe3 {[%clk 0:01:48]} O-O
{[%clk 0:01:44]} 15. O-O {[%clk 0:01:48]} b6 {[%clk 0:01:30]} 16. Ned2
{[%clk 0:01:48]} c5 {[%clk 0:01:23]} 17. d5 {[%clk 0:01:28]} exd5
{[%clk 0:01:05]} 18. cxd5 {[%clk 0:01:29]} b5 {[%clk 0:01:05]} 19. e4
{[%clk 0:01:29]} c4 {[%clk 0:00:59]} 20. Qe3 {[%clk 0:01:22]} Bb7
{[%clk 0:00:59]} 21. Kh1 {[%clk 0:01:22]} Rac8 {[%clk 0:00:54]} 22. a3
{[%clk 0:01:16]} Qa5 {[%clk 0:00:52]} 23. Rac1 {[%clk 0:01:14]} a6
{[%clk 0:00:51]} 24. Qc3 {[%clk 0:01:14]} Qb6 {[%clk 0:00:47]} 25. Rfe1
{[%clk 0:01:04]} Rfe8 {[%clk 0:00:47]} 26. Nf1 {[%clk 0:01:04]} a5
{[%clk 0:00:44]} 27. Ng3 {[%clk 0:01:01]} g6 {[%clk 0:00:44]} 28. Qd4
{[%clk 0:00:56]} Bc5 {[%clk 0:00:43]} 29. Qc3 {[%clk 0:00:51]} Bf8
{[%clk 0:00:42]} 30. Qe3 {[%clk 0:00:47]} Qxe3 {[%clk 0:00:41]} 31. Rxe3
{[%clk 0:00:49]} Bh6 {[%clk 0:00:41]} 32. Ree1 {[%clk 0:00:47]} Bxc1
{[%clk 0:00:41]} 33. Rxc1 {[%clk 0:00:48]} f5 {[%clk 0:00:38]} 34. exf5
{[%clk 0:00:47]} Bxd5 {[%clk 0:00:38]} 35. Nd4 {[%clk 0:00:45]} b4
{[%clk 0:00:37]} 36. axb4 {[%clk 0:00:46]} axb4 {[%clk 0:00:38]} 37. fxg6
{[%clk 0:00:47]} hxg6 {[%clk 0:00:39]} 38. h3 {[%clk 0:00:44]} c3
{[%clk 0:00:37]} 39. bxc3 {[%clk 0:00:45]} bxc3 {[%clk 0:00:38]} 40. Nb5
{[%clk 0:00:46]} Re3 {[%clk 0:00:32]} 41. Nf1 {[%clk 0:00:45]} Rd3
{[%clk 0:00:31]} 42. Na3 {[%clk 0:00:36]} Rf8 {[%clk 0:00:26]} 43. Nh2
{[%clk 0:00:34]} Rf2 {[%clk 0:00:25]} 44. Ng4 {[%clk 0:00:25]} Ra2
{[%clk 0:00:18]} 45. Nc2 {[%clk 0:00:24]} Bxg2+ {[%clk 0:00:11]} 46. Kxg2
{[%clk 0:00:22]} Rd2+ {[%clk 0:00:12]} 47. Kg3 {[%clk 0:00:23]} Raxc2
{[%clk 0:00:11]} 48. Rf1 {[%clk 0:00:22]} Rg2+ {[%clk 0:00:11]} 49. Kh4
{[%clk 0:00:20]} Rce2 {[%clk 0:00:11]} 50. Nf6+ {[%clk 0:00:21]} Kg7
{[%clk 0:00:13]} 51. Nd5 {[%clk 0:00:18]} c2 {[%clk 0:00:13]} 52. Nf4
{[%clk 0:00:16]} Re4 {[%clk 0:00:14]} 53. Rc1 {[%clk 0:00:05]} g5+
{[%clk 0:00:15]} 54. Kh5 {[%clk 0:00:06]} gxf4 {[%clk 0:00:15]} 55. Ra1
{[%clk 0:00:05]} Rd4 {[%clk 0:00:16]} 56. Ra7+ {[%clk 0:00:06]} Kf6
{[%clk 0:00:17]} 57. Ra6+ {[%clk 0:00:07]} Ke5 {[%clk 0:00:18]} 58. Ra5+
{[%clk 0:00:08]} Ke4 {[%clk 0:00:18]} 59. Ra3 {[%clk 0:00:07]} c1=Q
{[%clk 0:00:18]} 60. Ra5 {[%clk 0:00:06]} Rd5+ {[%clk 0:00:18]} 61. Rxd5
{[%clk 0:00:07]} Kxd5 {[%clk 0:00:19]} 62. h4 {[%clk 0:00:09]} Qe3
{[%clk 0:00:19]} 63. Kh6 {[%clk 0:00:09]} Qe6+ {[%clk 0:00:20]} 64. Kh5
{[%clk 0:00:10]} Qg6# {[%clk 0:00:21]} 0-1

[Event "gorzyce wielkie"]
[Site "?"]
[Date "2020.02.08"]
[Round "1.2"]
[White "Zakrzewski, Marek"]
[Black "Maslinski, Piotr"]
[Result "1-0"]
[BlackElo "1450"]
[WhiteElo "2256"]
[LiveChessVersion "1.4.8"]

1. e4 {[%clk 0:03:02]} c5 {[%clk 0:03:00]} 2. Nf3 Nc6 3. d4 {[%clk 0:03:02]} cxd4
{[%clk 0:03:03]} 4. Nxd4 {[%clk 0:03:03]} Nxd4 {[%clk 0:03:04]} 5. Qxd4
{[%clk 0:03:03]} Nf6 {[%clk 0:03:06]} 6. e5 {[%clk 0:02:51]} Nh5 {[%clk 0:03:03]}
7. g4 {[%clk 0:02:41]} g6 {[%clk 0:01:44]} 8. gxh5 {[%clk 0:02:41]} Bg7
{[%clk 0:01:45]} 9. Bf4 {[%clk 0:02:09]} Qa5+ {[%clk 0:01:41]} 10. Nc3
{[%clk 0:02:08]} d6 {[%clk 0:01:42]} 11. Bb5+ {[%clk 0:02:03]} Bd7
{[%clk 0:01:43]} 12. Bxd7+ {[%clk 0:02:03]} Kxd7 {[%clk 0:01:41]} 13. e6+
{[%clk 0:02:04]} fxe6 {[%clk 0:01:21]} 14. Qxg7 {[%clk 0:02:04]} Qxh5
{[%clk 0:01:22]} 15. Rd1 {[%clk 0:01:41]} Qf3 {[%clk 0:01:22]} 16. Rxd6+
{[%clk 0:01:42]} 1-0

[Event "gorzyce wielkie"]
[Site "?"]
[Date "2020.02.08"]
[Round "1.4"]
[White "Michalski, Karol"]
[Black "Rog, Bartlomiej"]
[Result "1-0"]
[BlackElo "1422"]
[WhiteElo "1946"]
[LiveChessVersion "1.4.8"]

1. d4 {[%clk 0:03:03]} Nf6 {[%clk 0:03:04]} 2. c4 g6 3. Nc3 Bg7 4. e4 d6 5. Be2
{[%clk 0:03:03]} O-O {[%clk 0:03:10]} 6. h4 {[%clk 0:03:03]} h5 {[%clk 0:03:11]}
7. Bg5 {[%clk 0:02:55]} c5 {[%clk 0:03:10]} 8. d5 {[%clk 0:02:49]} Qa5
{[%clk 0:03:11]} 9. Qd2 {[%clk 0:02:49]} a6 {[%clk 0:03:01]} 10. Nf3
{[%clk 0:02:35]} Nbd7 {[%clk 0:03:01]} 11. O-O {[%clk 0:02:29]} Rb8
{[%clk 0:02:48]} 12. a3 {[%clk 0:02:18]} b5 {[%clk 0:01:54]} 13. b4
{[%clk 0:01:52]} cxb4 {[%clk 0:01:54]} 14. axb4 {[%clk 0:01:53]} Qxb4
{[%clk 0:01:55]} 15. Rfb1 {[%clk 0:01:53]} Qc5 {[%clk 0:01:56]} 16. Be3
{[%clk 0:01:54]} Qc7 {[%clk 0:01:54]} 17. cxb5 {[%clk 0:01:55]} Nc5
{[%clk 0:01:20]} 18. Rb4 {[%clk 0:01:21]} Nfxe4 {[%clk 0:01:06]} 19. Nxe4
{[%clk 0:01:15]} Bxa1 {[%clk 0:01:07]} 20. Nc3 {[%clk 0:00:35]} axb5
{[%clk 0:00:53]} 21. Bd4 {[%clk 0:00:36]} e5 22. dxe6 {[%clk 0:00:36]} Nxe6
{[%clk 0:00:29]} 23. Bf6 {[%clk 0:00:36]} Qa5 {[%clk 0:00:22]} 24. Rb3
{[%clk 0:00:30]} Bb7 25. Qh6 {[%clk 0:00:26]} Qa4 {[%clk 0:00:15]} 26. Qh8# 1-0

[Event "gorzyce wielkie"]
[Site "?"]
[Date "2020.02.08"]
[Round "1.5"]
[White "Katny, Robert"]
[Black "Banach, Szymon"]
[Result "0-1"]
[BlackElo "1912"]
[WhiteElo "1350"]
[LiveChessVersion "1.4.8"]

1. e4 {[%clk 0:03:02]} c5 {[%clk 0:03:04]} 2. Nf3 {[%clk 0:03:03]} g6
{[%clk 0:03:05]} 3. d4 {[%clk 0:03:03]} cxd4 4. Nxd4 {[%clk 0:03:05]} Nc6
{[%clk 0:03:08]} 5. Nxc6 {[%clk 0:03:04]} bxc6 {[%clk 0:03:09]} 6. Bd3
{[%clk 0:03:04]} Bg7 {[%clk 0:03:10]} 7. c3 {[%clk 0:03:02]} Nf6 {[%clk 0:03:09]}
8. O-O {[%clk 0:03:01]} O-O {[%clk 0:03:08]} 9. Be3 {[%clk 0:03:00]} d6
{[%clk 0:03:09]} 10. Nd2 {[%clk 0:03:00]} Ng4 {[%clk 0:03:07]} 11. Qe2
{[%clk 0:02:55]} Nxe3 {[%clk 0:03:07]} 12. Qxe3 {[%clk 0:02:55]} Be6
{[%clk 0:03:00]} 13. Bc4 {[%clk 0:02:47]} d5 {[%clk 0:02:57]} 14. exd5
{[%clk 0:02:42]} cxd5 {[%clk 0:02:57]} 15. Bb3 {[%clk 0:02:34]} d4
{[%clk 0:02:45]} 16. cxd4 {[%clk 0:01:30]} Bxd4 {[%clk 0:02:45]} 17. Qd3
{[%clk 0:01:30]} Bxf2+ {[%clk 0:02:43]} 18. Rxf2 {[%clk 0:01:27]} Qxd3
{[%clk 0:02:44]} 19. Bxe6 {[%clk 0:01:27]} fxe6 {[%clk 0:02:45]} 0-1

[Event "gorzyce wielkie"]
[Site "?"]
[Date "2020.02.08"]
[Round "1.6"]
[White "Sobczak, Miroslaw"]
[Black "Majcher, Igor"]
[Result "1-0"]
[BlackElo "1335"]
[WhiteElo "1886"]
[LiveChessVersion "1.4.8"]

1. e4 {[%clk 0:03:03]} c5 {[%clk 0:03:03]} 2. Nc3 {[%clk 0:03:04]} Nf6
{[%clk 0:02:55]} 3. f4 {[%clk 0:03:04]} d6 {[%clk 0:02:53]} 4. Nf3
{[%clk 0:03:05]} Bg4 {[%clk 0:02:42]} 5. Bc4 {[%clk 0:03:06]} Bxf3
{[%clk 0:02:21]} 6. Qxf3 {[%clk 0:03:06]} Qc7 {[%clk 0:02:17]} 7. Nb5
{[%clk 0:02:58]} Qd7 {[%clk 0:02:17]} 8. e5 {[%clk 0:02:52]} Ng8 {[%clk 0:02:01]}
9. exd6 {[%clk 0:02:07]} exd6 {[%clk 0:01:47]} 10. O-O {[%clk 0:02:07]} Be7
{[%clk 0:01:43]} 11. d4 {[%clk 0:02:00]} Nf6 {[%clk 0:01:21]} 12. dxc5
{[%clk 0:02:00]} dxc5 {[%clk 0:01:19]} 13. Rd1 {[%clk 0:02:01]} Qc6
{[%clk 0:01:11]} 14. Qxc6+ {[%clk 0:02:01]} Nxc6 15. Nc7+ {[%clk 0:02:01]} Kf8
{[%clk 0:01:01]} 16. Nxa8 {[%clk 0:02:01]} g6 {[%clk 0:00:53]} 17. f5
{[%clk 0:02:01]} Nd4 {[%clk 0:00:42]} 18. Bh6+ {[%clk 0:02:01]} Kg8
{[%clk 0:00:40]} 19. c3 {[%clk 0:02:01]} Nxf5 {[%clk 0:00:40]} 20. Bg5
{[%clk 0:01:56]} Kg7 {[%clk 0:00:40]} 21. Nc7 {[%clk 0:01:54]} h6
{[%clk 0:00:32]} 22. Bxf6+ {[%clk 0:01:53]} Bxf6 {[%clk 0:00:30]} 23. Rd7
{[%clk 0:01:53]} Ne7 {[%clk 0:00:18]} 24. Re1 {[%clk 0:01:52]} Rc8
{[%clk 0:00:13]} 25. Rexe7 {[%clk 0:01:46]} Bxe7 {[%clk 0:00:13]} 26. Rxe7
{[%clk 0:01:47]} Kf6 {[%clk 0:00:09]} 27. Nd5+ {[%clk 0:01:45]} Kg5
{[%clk 0:00:06]} 28. Rxf7 {[%clk 0:01:44]} a6 {[%clk 0:00:06]} 29. Nc7
{[%clk 0:01:21]} b5 30. Ne6+ Kh4 31. g3+ Kg4 32. Be2+ Kh3 33. Nf4# 1-0

[Event "gorzyce wielkie"]
[Site "?"]
[Date "2020.02.08"]
[Round "1.7"]
[White "Katny, Samuel"]
[Black "Chmielarz, Maciej"]
[Result "0-1"]
[BlackElo "1883"]
[WhiteElo "1326"]
[LiveChessVersion "1.4.8"]

1. e4 {[%clk 0:03:03]} c6 {[%clk 0:03:03]} 2. Nf3 {[%clk 0:03:04]} d5
{[%clk 0:03:04]} 3. exd5 {[%clk 0:03:05]} cxd5 {[%clk 0:03:05]} 4. d4
{[%clk 0:03:06]} Nc6 {[%clk 0:03:06]} 5. Nc3 {[%clk 0:03:06]} Nf6
{[%clk 0:03:06]} 6. Bf4 {[%clk 0:03:06]} Bg4 {[%clk 0:03:03]} 7. Bb5
{[%clk 0:03:05]} e6 {[%clk 0:03:02]} 8. O-O {[%clk 0:02:47]} Qb6 {[%clk 0:02:59]}
9. Bxc6+ {[%clk 0:02:38]} bxc6 {[%clk 0:02:51]} 10. b3 {[%clk 0:02:36]} Bxf3
{[%clk 0:02:42]} 11. Qxf3 {[%clk 0:02:34]} Qxd4 {[%clk 0:02:36]} 12. Rfd1
{[%clk 0:02:23]} Qb6 {[%clk 0:02:33]} 13. Na4 {[%clk 0:02:24]} Qa5
{[%clk 0:02:19]} 14. Bd2 {[%clk 0:02:17]} Qc7 {[%clk 0:02:18]} 15. Bf4
{[%clk 0:02:16]} Bd6 {[%clk 0:02:19]} 16. Bxd6 {[%clk 0:02:09]} Qxd6
{[%clk 0:02:19]} 17. c4 {[%clk 0:02:06]} O-O {[%clk 0:02:13]} 18. cxd5
{[%clk 0:01:52]} cxd5 {[%clk 0:02:14]} 19. Nc3 {[%clk 0:01:52]} Rac8
{[%clk 0:02:01]} 20. Nb5 {[%clk 0:01:51]} Qb6 {[%clk 0:02:01]} 21. Nd4
{[%clk 0:01:41]} Ne4 {[%clk 0:01:58]} 22. Ne2 {[%clk 0:01:26]} Rc2
{[%clk 0:01:43]} 23. Rdc1 {[%clk 0:01:00]} Rfc8 {[%clk 0:01:31]} 24. Rxc2
{[%clk 0:00:58]} Rxc2 {[%clk 0:01:31]} 25. h3 {[%clk 0:00:51]} Qa6
{[%clk 0:01:11]} 26. Nd4 {[%clk 0:00:51]} Rxf2 {[%clk 0:01:01]} 27. Qe3
{[%clk 0:00:37]} Rxa2 {[%clk 0:00:35]} 28. Rxa2 Qxa2 {[%clk 0:00:36]} 29. Kh2
{[%clk 0:00:38]} h6 {[%clk 0:00:34]} 30. Nc6 {[%clk 0:00:39]} Qd2
{[%clk 0:00:22]} 31. Qf3 {[%clk 0:00:30]} Ng5 {[%clk 0:00:16]} 32. Qf1
{[%clk 0:00:28]} d4 {[%clk 0:00:15]} 33. Ne5 {[%clk 0:00:26]} Qe3
{[%clk 0:00:11]} 34. Ng4 {[%clk 0:00:25]} Qxb3 {[%clk 0:00:11]} 35. Qf2
{[%clk 0:00:19]} d3 {[%clk 0:00:12]} 36. Qd4 {[%clk 0:00:19]} Qd5
{[%clk 0:00:12]} 37. Qa1 {[%clk 0:00:14]} d2 {[%clk 0:00:13]} 38. Qd1
{[%clk 0:00:15]} Ne4 {[%clk 0:00:14]} 39. Ne3 {[%clk 0:00:13]} Qd6+
{[%clk 0:00:14]} 40. Kg1 {[%clk 0:00:13]} Nc3 {[%clk 0:00:15]} 41. Qc2
{[%clk 0:00:05]} Qd4 {[%clk 0:00:13]} 42. Kf1 {[%clk 0:00:03]} Qxe3
{[%clk 0:00:13]} 43. Qa2 {[%clk 0:00:04]} d1=Q# {[%clk 0:00:12]} 0-1

[Event "gorzyce wielkie"]
[Site "?"]
[Date "2020.02.08"]
[Round "1.8"]
[White "Rozumek, Krzysztof"]
[Black "Rozanski, Mateusz"]
[Result "1/2-1/2"]
[BlackElo "1325"]
[WhiteElo "1861"]
[LiveChessVersion "1.4.8"]

1. h3 {[%clk 0:03:03]} d5 {[%clk 0:03:03]} 2. c3 {[%clk 0:03:04]} e5
{[%clk 0:03:03]} 3. d4 {[%clk 0:03:05]} Nc6 {[%clk 0:03:04]} 4. dxe5
{[%clk 0:03:06]} Nxe5 {[%clk 0:03:04]} 5. Bf4 {[%clk 0:03:07]} Nc6
{[%clk 0:03:04]} 6. Nf3 {[%clk 0:03:07]} Nf6 {[%clk 0:03:04]} 7. e3
{[%clk 0:03:08]} Bd6 {[%clk 0:03:05]} 8. Bxd6 {[%clk 0:03:08]} Qxd6
{[%clk 0:03:05]} 9. Bd3 {[%clk 0:03:09]} Be6 {[%clk 0:03:03]} 10. Qc2
{[%clk 0:03:08]} a6 {[%clk 0:02:58]} 11. Nbd2 {[%clk 0:03:08]} O-O
{[%clk 0:02:56]} 12. g4 {[%clk 0:03:04]} g6 {[%clk 0:02:52]} 13. Nd4
{[%clk 0:02:47]} Nxd4 14. exd4 {[%clk 0:02:48]} Rfe8 {[%clk 0:02:50]} 15. O-O-O
{[%clk 0:02:45]} b5 {[%clk 0:02:49]} 16. Nb3 {[%clk 0:02:43]} Nd7
{[%clk 0:02:47]} 17. Rdf1 {[%clk 0:02:28]} Qf4+ {[%clk 0:02:34]} 18. Qd2
{[%clk 0:02:26]} Qxd2+ {[%clk 0:02:33]} 19. Kxd2 {[%clk 0:02:26]} f5
{[%clk 0:02:30]} 20. f3 {[%clk 0:02:07]} f4 {[%clk 0:02:17]} 21. Re1
{[%clk 0:02:07]} Bf7 {[%clk 0:02:13]} 22. h4 {[%clk 0:02:02]} Rxe1
{[%clk 0:02:11]} 23. Rxe1 {[%clk 0:02:03]} Re8 {[%clk 0:02:03]} 24. Rxe8+
{[%clk 0:01:36]} Bxe8 {[%clk 0:02:03]} 25. Nc5 {[%clk 0:01:24]} Nxc5
{[%clk 0:02:00]} 26. dxc5 {[%clk 0:01:24]} Kf7 {[%clk 0:01:59]} 27. Be2
{[%clk 0:01:15]} Kf6 {[%clk 0:01:57]} 28. Kd3 {[%clk 0:01:14]} Ke5
{[%clk 0:01:57]} 29. b4 {[%clk 0:01:13]} c6 {[%clk 0:01:51]} 30. Bd1
{[%clk 0:01:13]} h5 {[%clk 0:01:40]} 31. g5 {[%clk 0:01:12]} Bd7 {[%clk 0:01:40]}
32. Kd2 {[%clk 0:00:57]} Bf5 {[%clk 0:01:39]} 33. a4 {[%clk 0:00:28]} Be6
{[%clk 0:01:27]} 34. Bc2 {[%clk 0:00:28]} Bf5 {[%clk 0:01:27]} 35. axb5
{[%clk 0:00:19]} axb5 {[%clk 0:01:26]} 36. Bxf5 {[%clk 0:00:17]} Kxf5
{[%clk 0:01:25]} 37. Ke2 {[%clk 0:00:16]} Ke6 {[%clk 0:01:25]} 38. Kd3
{[%clk 0:00:16]} Ke5 {[%clk 0:01:25]} 39. Kd2 {[%clk 0:00:17]} d4
{[%clk 0:01:16]} 40. Kd3 {[%clk 0:00:17]} dxc3 {[%clk 0:01:16]} 41. Kxc3
{[%clk 0:00:19]} Kd5 {[%clk 0:01:17]} 42. Kd3 {[%clk 0:00:20]} Ke5
{[%clk 0:01:18]} 43. Kc3 {[%clk 0:00:20]} Kd5 {[%clk 0:01:15]} 44. Kd3
{[%clk 0:00:20]} Ke5 {[%clk 0:01:14]} 45. Ke4+ 1/2-1/2

[Event "gorzyce wielkie"]
[Site "?"]
[Date "2020.02.08"]
[Round "1.9"]
[White "Nowak, Roksana"]
[Black "Rosik, Jakub"]
[Result "1/2-1/2"]
[BlackElo "1847"]
[WhiteElo "1299"]
[LiveChessVersion "1.4.8"]

1. f4 {[%clk 0:03:03]} d5 {[%clk 0:03:03]} 2. Nf3 {[%clk 0:03:03]} c5
{[%clk 0:03:03]} 3. e3 {[%clk 0:03:04]} Nc6 {[%clk 0:03:04]} 4. Bb5
{[%clk 0:03:05]} a6 {[%clk 0:03:04]} 5. Bxc6+ {[%clk 0:03:06]} bxc6
{[%clk 0:03:05]} 6. b3 {[%clk 0:03:07]} Nf6 {[%clk 0:03:04]} 7. Bb2
{[%clk 0:03:08]} g6 {[%clk 0:03:04]} 8. O-O {[%clk 0:03:08]} Bg7 {[%clk 0:03:04]}
9. Qe1 {[%clk 0:03:08]} Rb8 {[%clk 0:02:43]} 10. d3 {[%clk 0:03:03]} c4
{[%clk 0:02:42]} 11. dxc4 {[%clk 0:02:57]} dxc4 {[%clk 0:02:42]} 12. Nbd2
{[%clk 0:02:49]} Be6 {[%clk 0:02:24]} 13. Nd4 {[%clk 0:02:23]} Qc8
{[%clk 0:01:40]} 14. Nxe6 {[%clk 0:02:17]} Qxe6 {[%clk 0:01:40]} 15. Nxc4
{[%clk 0:02:10]} O-O {[%clk 0:01:39]} 16. Rd1 {[%clk 0:02:07]} Rfd8
{[%clk 0:01:38]} 17. Qe2 {[%clk 0:02:01]} Ne4 {[%clk 0:01:27]} 18. Bxg7
{[%clk 0:01:50]} Kxg7 {[%clk 0:01:28]} 19. Rxd8 {[%clk 0:01:38]} Rxd8
{[%clk 0:01:29]} 20. a4 {[%clk 0:01:39]} Nc3 {[%clk 0:01:02]} 21. Qe1
{[%clk 0:01:24]} Nxa4 {[%clk 0:00:50]} 22. Ne5 {[%clk 0:01:09]} Nc5
{[%clk 0:00:47]} 23. Qc3 {[%clk 0:01:01]} Ne4 {[%clk 0:00:48]} 24. Qxc6
{[%clk 0:00:58]} Qxc6 {[%clk 0:00:49]} 25. Nxc6 {[%clk 0:00:59]} Rc8
{[%clk 0:00:50]} 26. Nxe7 {[%clk 0:00:57]} Rxc2 {[%clk 0:00:51]} 27. Nd5
{[%clk 0:00:58]} Nd2 {[%clk 0:00:46]} 28. Rd1 {[%clk 0:00:55]} Nxb3
{[%clk 0:00:46]} 29. Nb4 {[%clk 0:00:56]} Rc3 {[%clk 0:00:43]} 30. Nxa6
{[%clk 0:00:53]} Rxe3 {[%clk 0:00:43]} 31. Kf2 {[%clk 0:00:53]} Rc3
{[%clk 0:00:42]} 32. Nb4 {[%clk 0:00:49]} Nc5 {[%clk 0:00:42]} 33. Nd5
{[%clk 0:00:48]} Ne4+ {[%clk 0:00:42]} 34. Kg1 {[%clk 0:00:47]} Rc2
{[%clk 0:00:40]} 35. Ne3 {[%clk 0:00:47]} Re2 {[%clk 0:00:40]} 36. Ng4
{[%clk 0:00:39]} h5 {[%clk 0:00:39]} 37. Ne5 {[%clk 0:00:39]} Nf6
{[%clk 0:00:27]} 38. Kf1 {[%clk 0:00:38]} Ra2 {[%clk 0:00:27]} 39. Nf3
{[%clk 0:00:34]} Ng4 {[%clk 0:00:27]} 40. Re1 {[%clk 0:00:30]} f6
{[%clk 0:00:22]} 41. h3 {[%clk 0:00:30]} Nh6 {[%clk 0:00:20]} 42. Nd4
{[%clk 0:00:29]} Kf7 {[%clk 0:00:19]} 43. Nc6 {[%clk 0:00:30]} Nf5
{[%clk 0:00:19]} 44. Nb4 {[%clk 0:00:23]} Ra4 {[%clk 0:00:19]} 45. Nd3
{[%clk 0:00:23]} Rd4 {[%clk 0:00:19]} 46. Nc5 {[%clk 0:00:16]} Rxf4+
{[%clk 0:00:19]} 47. Kg1 {[%clk 0:00:18]} Rc4 {[%clk 0:00:17]} 48. Nd3
{[%clk 0:00:16]} Rc2 {[%clk 0:00:17]} 49. Nf4 {[%clk 0:00:16]} h4
{[%clk 0:00:15]} 50. Nd5 {[%clk 0:00:16]} g5 {[%clk 0:00:11]} 51. Rf1
{[%clk 0:00:14]} Kg6 {[%clk 0:00:09]} 52. Rxf5 {[%clk 0:00:09]} Kxf5
{[%clk 0:00:09]} 53. Ne3+ {[%clk 0:00:11]} Ke4 {[%clk 0:00:10]} 54. Nxc2
{[%clk 0:00:11]} f5 {[%clk 0:00:11]} 55. Ne1 {[%clk 0:00:13]} g4 {[%clk 0:00:12]}
56. hxg4 {[%clk 0:00:14]} fxg4 {[%clk 0:00:13]} 57. Kh2 {[%clk 0:00:15]} Ke3
{[%clk 0:00:12]} 58. Nc2+ {[%clk 0:00:14]} Kf2 {[%clk 0:00:11]} 59. Nd4
{[%clk 0:00:14]} h3 {[%clk 0:00:12]} 60. g3 {[%clk 0:00:14]} Ke3 {[%clk 0:00:10]}
61. Nf5+ {[%clk 0:00:12]} Ke4 {[%clk 0:00:09]} 62. Nh6 {[%clk 0:00:13]} Kf3
{[%clk 0:00:09]} 63. Nf5 {[%clk 0:00:11]} Ke4 {[%clk 0:00:11]} 64. Nh4
{[%clk 0:00:10]} Ke5 {[%clk 0:00:10]} 1/2-1/2

[Event "gorzyce wielkie"]
[Site "?"]
[Date "2020.02.08"]
[Round "1.10"]
[White "Pera, Adam"]
[Black "Pieczewska, Gabriela"]
[Result "1-0"]
[BlackElo "1295"]
[WhiteElo "1840"]
[LiveChessVersion "1.4.8"]

1. e4 {[%clk 0:03:02]} e6 {[%clk 0:03:04]} 2. d4 {[%clk 0:02:59]} d5
{[%clk 0:03:05]} 3. exd5 {[%clk 0:02:55]} exd5 {[%clk 0:03:05]} 4. Bd3
{[%clk 0:02:56]} Bd6 {[%clk 0:03:05]} 5. Nf3 {[%clk 0:02:56]} Bg4
{[%clk 0:03:06]} 6. O-O {[%clk 0:02:55]} Ne7 {[%clk 0:03:07]} 7. Re1
{[%clk 0:02:50]} Nd7 {[%clk 0:03:07]} 8. c4 {[%clk 0:02:36]} c6 {[%clk 0:03:07]}
9. Nc3 {[%clk 0:02:35]} dxc4 {[%clk 0:02:59]} 10. Bxc4 {[%clk 0:02:35]} Qc7
{[%clk 0:02:54]} 11. Bxf7+ {[%clk 0:02:14]} Kf8 {[%clk 0:02:46]} 12. h3
{[%clk 0:01:50]} Bxf3 {[%clk 0:01:52]} 13. Qxf3 {[%clk 0:01:50]} Nf6
{[%clk 0:01:52]} 14. Be6 {[%clk 0:01:41]} Ng6 {[%clk 0:01:31]} 15. Bg5
{[%clk 0:01:16]} Be7 {[%clk 0:01:19]} 16. Ne4 {[%clk 0:01:07]} Ke8
{[%clk 0:01:00]} 17. Nxf6+ {[%clk 0:00:22]} gxf6 {[%clk 0:00:50]} 18. Bh6
{[%clk 0:00:10]} 1-0

[Event "gorzyce wielkie"]
[Site "?"]
[Date "2020.02.08"]
[Round "2.1"]
[White "Maciejczak, Jakub"]
[Black "Ziolkowski, Andrzej"]
[Result "1-0"]
[BlackElo "1773"]
[WhiteElo "2313"]
[LiveChessVersion "1.4.8"]

1. e4 {[%clk 0:03:02]} c5 {[%clk 0:03:03]} 2. Nc3 {[%clk 0:03:02]} Nc6
{[%clk 0:03:04]} 3. g3 {[%clk 0:03:02]} g6 {[%clk 0:03:04]} 4. Bg2
{[%clk 0:03:03]} Bg7 {[%clk 0:03:05]} 5. d3 {[%clk 0:03:03]} d6 {[%clk 0:03:05]}
6. f4 {[%clk 0:03:03]} e6 {[%clk 0:03:06]} 7. Nf3 {[%clk 0:03:03]} Nge7
{[%clk 0:03:07]} 8. O-O {[%clk 0:03:02]} O-O {[%clk 0:03:09]} 9. Be3
{[%clk 0:03:01]} a6 {[%clk 0:03:07]} 10. Qd2 {[%clk 0:02:56]} f5 {[%clk 0:02:59]}
11. Rfe1 {[%clk 0:02:44]} Nd4 {[%clk 0:02:49]} 12. Nh4 {[%clk 0:02:32]} Rb8
{[%clk 0:02:12]} 13. Nd1 {[%clk 0:02:30]} b5 {[%clk 0:02:07]} 14. c3
{[%clk 0:02:31]} Ndc6 {[%clk 0:02:07]} 15. exf5 {[%clk 0:02:24]} exf5
{[%clk 0:02:02]} 16. Bf2 {[%clk 0:02:22]} Bb7 {[%clk 0:01:47]} 17. Nf3
{[%clk 0:02:21]} Qc7 {[%clk 0:01:39]} 18. Rc1 {[%clk 0:01:56]} Rbe8
{[%clk 0:01:40]} 19. d4 {[%clk 0:01:54]} c4 {[%clk 0:01:22]} 20. d5
{[%clk 0:01:36]} Nd8 {[%clk 0:01:17]} 21. Ne3 {[%clk 0:01:14]} Qc8
{[%clk 0:01:06]} 22. b3 {[%clk 0:01:09]} cxb3 {[%clk 0:00:48]} 23. axb3
{[%clk 0:01:09]} Qa8 {[%clk 0:00:42]} 24. c4 {[%clk 0:01:07]} Nf7
{[%clk 0:00:25]} 25. Nd4 {[%clk 0:01:03]} Nd8 {[%clk 0:00:22]} 26. Nec2
{[%clk 0:00:29]} Qa7 {[%clk 0:00:18]} 27. Ne6 {[%clk 0:00:22]} Qb8
{[%clk 0:00:17]} 28. Nxf8 {[%clk 0:00:18]} Kxf8 {[%clk 0:00:18]} 29. Bd4
{[%clk 0:00:18]} Bxd4+ {[%clk 0:00:08]} 30. Nxd4 {[%clk 0:00:18]} Qa7
{[%clk 0:00:06]} 31. Kh1 {[%clk 0:00:18]} Nf7 {[%clk 0:00:04]} 32. Ne6+
{[%clk 0:00:16]} Kg8 {[%clk 0:00:04]} 33. Qc3 {[%clk 0:00:16]} Ne5 34. Rxe5 dxe5
35. Qxe5 1-0